Climatització : 30 de març de 1995 30 de març de 1995
Publicado:
Barcelona :
Diputació de Barcelona. Àrea d'Acció Territorial i Medi Ambient. Servei de Medi Ambient, [1995]
Descripción Física:
[211] p. : map., gràf., taules ; 30 cm
MARC
| LEADER | 00000nam a2200000Ia 4500 | ||
|---|---|---|---|
| 001 | 24605 | ||
| 003 | BGR | ||
| 005 | 20260324180607.0 | ||
| 008 | 160829s9999 xx 000 0 cat d | ||
| 080 | |a Bib-262 | ||
| 111 | |a Eficiència Energètica i Serveis Municipals. Jornada |9 70734 |c arcelona : |d 1995) | ||
| 245 | |a Climatització : |b 30 de març de 1995 | ||
| 260 | |a Barcelona : |b Diputació de Barcelona. Àrea d'Acció Territorial i Medi Ambient. Servei de Medi Ambient, [1995] | ||
| 300 | |a [211] p. : |b map., gràf., taules ; |c 30 cm | ||
| 590 | |a Text en català, algunes ponències en castellà | ||
| 650 | |a Refrigeració |x Espanya |x Congressos |9 49519 | ||
| 650 | |a Aire condicionat |x Espanya |x Congressos |9 49520 | ||
| 710 | 1 | |a Barcelona (Catalunya : Província). |b Servei de Medi Ambient |9 53475 | |
| 901 | |a Arxiu | ||
| 942 | |n 1 |2 udc |c MON | ||
| 952 | |0 0 |1 0 |4 0 |6 BIB262 |7 1 |9 55422 |a Arxiu |b Arxiu |d 2016-12-01 |l 0 |o Bib-262 |p 24605 |r 2016-12-01 00:00:00 |w 2016-12-01 |y ARXIU | ||
| 999 | |c 59295 |d 59295 | ||